Normal view
MARC view
- A. K. Alang Jaafar
Entry Personal Name
001 - CONTROL NUMBER
- control field: 4832
003 - CONTROL NUMBER IDENTIFIER
- control field: OSt
005 - DATE AND TIME OF LATEST TRANSACTION
- control field: 20170516092749.0
008 - FIXED-LENGTH DATA ELEMENTS
- fixed length control field: 170516|| aca||aabn | a|a d
040 ## - CATALOGING SOURCE
- Original cataloging agency: OSt
- Transcribing agency: OSt
100 ## - HEADING--PERSONAL NAME
- Personal name: A. K. Alang Jaafar
670 ## - SOURCE DATA FOUND
- Source citation: Work cat.: (OSt)0: A. K. Alang Jaafar, Himpunan kisah-kisah lucu /, 1998

PORTAL AKMAL
E-MEL JKDM
AKMAL2U
G-BAM
u-PUSTAKA